Ciencia y humanismo

Gespeichert in:
Bibliographische Detailangaben
1. Verfasser: Schrodinger, Trwin
Format: Buch
Sprache:Undetermined
Veröffentlicht: Madrid, España Alhambra 1954
Schlagworte:
Tags: Tag hinzufügen
Keine Tags, Fügen Sie den ersten Tag hinzu!

MARC

LEADER 00000nam a2200000Ia 4500
008 170316s9999 xx 000 0 und d
090 |a 100 S-26c 
100 |a Schrodinger, Trwin 
245 |a Ciencia y humanismo 
260 |a Madrid, España 
260 |b Alhambra 
260 |c 1954 
300 |a 69 páginas 
650 |a FILOSOFÍA 
999 |c 17597  |d 17597 
040 |a cru BVZT 
942 |c 15 D  |h 100 S-26c  |2 z